|
|
|
|
| LEADER |
00000nab a2200000 a 4500 |
| 001 |
vtls000928896 |
| 003 |
SK-MaSNL |
| 005 |
20260303033046.0 |
| 008 |
040720e20020808xo 0 slo |
| 035 |
|
|
|a KE37773
|
| 040 |
|
|
|a KEVKJB
|b slo
|c KEVKJB
|e AACR2
|
| 041 |
0 |
|
|a slo
|
| 044 |
|
|
|a xo
|c SK
|
| 080 |
|
|
|a 339.727.22
|2 1981
|
| 080 |
|
|
|a 711.454
|2 1981
|
| 245 |
0 |
0 |
|a V Kechneci vyberajú dodávateľov na výstavbu infraštruktúry
|
| 650 |
0 |
7 |
|a zahraničné investície
|2 KEVKJB
|9 2650
|
| 650 |
0 |
7 |
|a priemyselné parky
|2 KEVKJB
|9 29007
|
| 650 |
0 |
7 |
|a infraštruktúra
|2 KEVKJB
|9 28765
|
| 650 |
0 |
7 |
|a výstavba
|2 KEVKJB
|9 29373
|
| 650 |
0 |
7 |
|a informácie
|2 KEVKJB
|9 1285
|
| 651 |
|
7 |
|a Kechnec (Slovensko)
|2 KEVKJB
|9 29464
|
| 651 |
|
7 |
|a Košice-okolie (Slovensko : okres)
|2 KEVKJB
|9 146743
|
| 651 |
|
7 |
|a KS,
|2 KEVKJB
|9 880381
|
| 655 |
|
7 |
|a periodikum
|2 snkbucl
|9 29553
|
| 700 |
0 |
|
|a V Kechneci
|4 iní
|9 1016278
|
| 773 |
0 |
8 |
|t Košický denník Korzár
|g Roč. 5, č.183, 8.8.2002, s. 2
|x 1335-4566
|
| 852 |
|
|
|a ZVYKNI
|b KIS3GCP
|
| 999 |
|
|
|c 1668442
|d 1670372
|